Catalogo de la bibliotaca del instituto y observatorio de Merina 1888 (Record no. 361)

MARC details
000 -LEADER
fixed length control field 00482nam a2200145Ia 4500
003 - CONTROL NUMBER IDENTIFIER
control field IN-BaIIA
008 - FIXED-LENGTH DATA ELEMENTS--GENERAL INFORMATION
fixed length control field 211028s9999 xx 000 0 eng d
040 ## - CATALOGING SOURCE
Transcribing agency IIA Library
080 ## - UNIVERSAL DECIMAL CLASSIFICATION NUMBER
Universal Decimal Classification number 01:520.2
Item number PUJ
110 ## - MAIN ENTRY--CORPORATE NAME
Corporate name or jurisdiction name as entry element Instituto y Observatorio de Marina
9 (RLIN) 776
245 #0 - TITLE STATEMENT
Title Catalogo de la bibliotaca del instituto y observatorio de Merina 1888
Statement of responsibility, etc. Instituto y Observatorio de Marina
260 ## - PUBLICATION, DISTRIBUTION, ETC.
Place of publication, distribution, etc. San Fernando
Name of publisher, distributor, etc. Instituto y Observatorio de Marina
Date of publication, distribution, etc. 1899
650 ## - SUBJECT ADDED ENTRY--TOPICAL TERM
Topical term or geographic name entry element Catalogue
9 (RLIN) 777
942 ## - ADDED ENTRY ELEMENTS (KOHA)
Koha item type Books
Holdings
Withdrawn status Lost status Damaged status Not for loan Home library Current library Shelving location Date acquired Total Checkouts Full call number Barcode Date last seen Price effective from Koha item type
        IIA Library-Bangalore IIA Library-Kodaikanal General Stacks     01:520.2/ PUJ 354 05/11/2021   Books

Powered by Koha